000 00596nam a22001937a 4500
005 20180502120637.0
010 _aENG-122849
020 _a9789386702906
_c450.00
035 _aEN-106381
037 _bDBAD/PUB
082 _a384.80954
100 _aVanita, Ruth
245 _aDancing with the nation :
_cby Ruth Vanita
_bcourtesans in bombay cinema /
260 _aNew Delhi
_bSpeaking Tiger
_c2017
270 _a4381/4, Ansari Road, Daryaganj,
_bNew Delhi
_e110002
300 _a261p.
_c22cm(pbk)
_bill.
500 _aIt include index
942 _2ddc
_cEN
_mVAN
_h384.80954
999 _c151822
_d151822